000 00338 a2200157 4500
001 61332
020 _a8598751111
040 _cAnchieta - Pituba
100 _aSchindler, Rex
240 1 0 _aOs últimos heróis
_lpor
245 1 0 _aOs últimos heróis
300 _a182
362 0 _a2006
650 4 _aFicção brasileira
942 _cBK
999 _c61332
_d61332